Open Data Biblioteca Nacional de Portugal


República Portuguesa: Ministério da Cultura
Biblioteca Nacional de Portugal

Catálogo da BNP: acesso por Identificadores Unívocos
Registos Bibliográficos associados ao registo de autoridade

Etiqueta de registo: 00379nas 2200205 450
001 2269467
003 http://id.bnportugal.gov.pt/bib/catbnp/2269467
100 ## $a20260220b19641975m y0pory01030103ba
101 0# $apor
102 ## $aPT
106 ## $ae
110 ## $accazz 0uu0
200 1# $a O Pif-Paf$fpropr. Sociedade Industrial de Imprensa$gtexto e des. Millor Fernandes
210 #9 $aLisboa$cpropr. Sociedade Industrial de Imprensa$d1964-1975?]
215 ## $d43 cm
303 ## $aDescrição baseada em: nº 33 (12 maio 1965)
312 ## $aSuplemento destacável, publicado como parte integrante do jornal Diário Popular
317 ## $aColeção Leandro de Moraes Sarmento$5PTBN: L.M.S. 107
326 ## $aSemanal
422 #1 $100190454$tDiário Popular$cLisboa$bSociedade Industrial de Imprensa,$d1942-1999
606 ## $aBanda desenhada$x[Periódicos]$2SIPOR$3887831
606 ## $aLiteratura juvenil$x[Periódicos]$2SIPOR$31883993
620 ## $dLisboa
675 ## $a741.5(05)$vBN$zpor$3300845
675 ## $a087.5(05)$vBN$zpor$3288171
702 #1 $aFernandes$bMillôr$f1923-2012$4340$330176
712 02 $aSociedade Industrial de Imprensa$4650$318246
801 #0 $aPT$bBN$gRPC
966 ## $lBN$mFGREV$pBiblioteca particular Leandro de Moraes Sarmento$sL.M.S. 107 $x3
971 ## $cssilva$d20260220

OpendataBNP@bnportugal.pt | Mais informação sobre acesso aos dados BNP